000 00372cam a22001337a 4500
008 180718b1958 xxu||||| |||| 00| 0 eng d
082 _aBA27 H334
100 _aHays, H.R.
245 _aFrom ape to angel; an informal history of social anthropology
_cby H.R. Hays
260 _aLondon
_bMethuen
_c1958
300 _a461p.
500 _a36/-
650 _aEthnology --History.
999 _c367947
_d367947